000 00462nam a2200145Ia 4500
008 100122s9999 xx 000 0 und d
082 _b9178
_a823.08
100 _aसरदेसाई लक्ष्मणराव
245 _aलक्ष्मण रेषा
260 _bप्रकाशक शोधणे
_c1950
300 _a100
630 _aलक्ष्मण रेषा
730 _aलक्ष्मण रेषा
942 _cBOOK
999 _c401257
_d401254